Recent progress in general topology II
Αποθηκεύτηκε σε:
| Άλλοι συγγραφείς: | , |
|---|---|
| Μορφή: | Βιβλίο |
| Γλώσσα: | English |
| Δημοσίευση: |
Amsterdam ; Oxford :
North-Holland,
2002.
|
| Θέματα: | |
| Ετικέτες: |
Προσθήκη ετικέτας
Δεν υπάρχουν, Καταχωρήστε ετικέτα πρώτοι!
|
MARC
| LEADER | 00000cam a2200000 i 4500 | ||
|---|---|---|---|
| 001 | 1/44660 | ||
| 008 | 031110s2002 ne ||| | eng|| | ||
| 020 | |a 0444509801 | ||
| 035 | |l 10071587 | ||
| 040 | |a GR-MyUA |b gre |e AACR2 | ||
| 041 | 0 | |a eng | |
| 082 | 0 | |a 514 | |
| 245 | 1 | 0 | |a Recent progress in general topology II / |c edited by Miroslav Husek and J. van Mill. |
| 260 | |a Amsterdam ; |a Oxford : |b North-Holland, |c 2002. | ||
| 300 | |a xii, 638 σ. ; |c 25 εκ. | ||
| 504 | |a Περιέχει βιβλιογραφικές αναφορές και ευρετήριο. | ||
| 650 | 0 | 0 | |a Topology |x Congresses. |
| 700 | 1 | |a Husek, Miroslav |d 1940- |e edt | |
| 700 | 1 | |a Mill, J. van, |e edt | |
| 852 | |a INST |b SAMOS |e 20031110 |h 514 REC |p 005300023668 |q 005300023668 |t BK |y 0 | ||
| 901 | |a BIBL3-2003-3 | ||
| 909 | |a Σ |b 106800 | ||
| 922 | |a 3ΕΛΗ |b 200306 |c ΕΠΕΑΕΚ2/ΤΜΗΜΑ ΜΑΘΗΜΑΤΙΚΩΝ |d ΜΙΧΑΛΟΠΟΥΛΟΣ | ||
| 950 | |a 116-2003-06-13 | ||
| 970 | |a ΚΟΣΙΕΡΗΣ |b ΧΡΗΣΤΟΣ |z 2003/11/14 | ||